• 首页
  • 本馆介绍
  • 公告通知
  • 最新文献
  • 馆藏检索
  • 电子资源
  • 读者导购
  • 参考咨询
  • 我的图书馆
  • 登录
  • 详细信息显示
  • 放入我的书架
  • 预约/预借图书
  • 作者相关作品
  • 分类相关作品
  • 丛书相关作品
  • 出版社相关作品

书目信息

  • 表格格式
  • 工作单格式
  • 卡片格式
题名:
道乐吉学习方法
    
 
作者: 甘华鸣 主编
分册:   大学生版
出版信息: 北京   中国国际广播出版社  2002
页数: 12,557页
开本: 20cm
丛书名:
单 册:
中图分类: G642.46
科图分类:
主题词: 大学生--学习方法 , CT--S011291--大学生 , CT--S084811--学习方法
电子资源:
ISBN: 7-5078-2147-1
000 00973nam0 2200277 45
001 012002066766
005 20070707102827.21
010    @a7-5078-2147-1@dCNY29.80
035    @a(011001)c2002058896
092    @aCN@b493960
100    @a20020827d2002 em y0chiy0110 ea
101 0  @achi
102    @aCN@b110000
105    @ay z 000yy
200 1  @a道乐吉学习方法@Adao le ji xue xi fang fa@i大学生版@f甘华鸣主编@Fgan hua ming zhu bian
210    @a北京@c中国国际广播出版社@d2002
215    @a12,557页@d20cm
300    @a献给全国1000多万各类大学生的礼物
330    @a本书涉及学习活动的各个层次、各个方面,包容学习方法的基本知识,按照学习方法的内在逻辑安排全书的结构,鲜明地突出学习方法的系统性,以帮助大学生们建立自己的学习方法系统。
606 0  @a大学生@x学习方法
606 0  @2CT@3S011291@a大学生
606 0  @2CT@3S084811@a学习方法
690    @aG642.46@v4
701  0 @a甘华鸣@Agan hua ming@4主编
801  0 @aCN@bNLC@c20070707
905    @a10447@dG642.46@e355
    
    道乐吉学习方法.大学生版/甘华鸣主编.-北京:中国国际广播出版社,2002
    12,557页;20cm
    献给全国1000多万各类大学生的礼物
    
    ISBN 7-5078-2147-1:CNY29.80
    本书涉及学习活动的各个层次、各个方面,包容学习方法的基本知识,按照学习方法的内在逻辑安排全书的结构,鲜明地突出学习方法的系统性,以帮助大学生们建立自己的学习方法系统。
●
相关链接 在E读中查询图书 在五车中查询图书 在当当中查询图书 在豆瓣中查询图书


正题名:道乐吉学习方法     索取号:G642.46/355         预约/预借

序号 登录号 条形码 馆藏地/架位号 状态 备注
1 0564714   205647148   第一样本阅览室/ [索取号:G642.46/355] 在馆    
2 0564715   205647157   第四借阅区/ [索取号:G642.46/355] 在馆    
3 0564716   205647166   第四借阅区/ [索取号:G642.46/355] 在馆    
4 0564717   205647175   第四借阅区/ [索取号:G642.46/355] 在馆    
5 0564718   205647184   第四借阅区/ [索取号:G642.46/355] 在馆    
6 0564719   205647193   第四借阅区/ [索取号:G642.46/355] 在馆    
唐山师范学院图书馆 欢迎您!
大连网信软件有限公司© 版权所有